00295nam a2200121Ia 4500008004100000041001200041082001100053100000900064245003500073260003600108300000800144650002100152221030s9999 xx 000 0 und d aEnglish a105.23 aMiet 0aProceedings of 3rd NCcby Miet bIBM India Ltd.aBangalorec2009 a313 aCSE Departmental